| 000 | 00663nam a22002417a 4500 | ||
|---|---|---|---|
| 003 | UA-OsUOA | ||
| 001 | 43743 | ||
| 007 | ta | ||
| 008 | 20070122b un ||||| |||| 00| 0 ukr d | ||
| 100 | _aФедорак Н. | ||
| 090 |
_a82. 09 (477.8)(091) _bФ 33 |
||
| 942 | _cBK | ||
| 040 |
_aUA-OsUOA _bukr _cUA-OsUOA _dUA-OsUOA |
||
| 245 |
_aПоетика Галицько-Волинського літопису _bмонографія |
||
| 300 | _a262 с. | ||
| 955 | _a1 | ||
| 041 | _aukr | ||
| 080 | _a82. 09 (477.8)(091) | ||
| 020 | _a966-613-393-8 | ||
| 260 |
_aЛьвів _bЛНУ ім. Івана Франка _c2005 |
||
| 650 | 7 | _2UDC | |
| 999 |
_c329861 _d329861 |
||